UBT Library

Publication manual of the American Psychological Association. (Record no. 44589)

000 -LEADER
fixed length control field 01047cam a2200289 a 4500
001 - CONTROL NUMBER
control field 15659056
005 - DATE AND TIME OF LATEST TRANSACTION
control field 20180309074001.0
008 - FIXED-LENGTH DATA ELEMENTS--GENERAL INFORMATION
fixed length control field 090313s2010 dcua b 001 0 eng
010 ## - LIBRARY OF CONGRESS CONTROL NUMBER
LC control number 2009010391
020 ## - INTERNATIONAL STANDARD BOOK NUMBER
International Standard Book Number 9781433805592
020 ## - INTERNATIONAL STANDARD BOOK NUMBER
International Standard Book Number 1433805596
020 ## - INTERNATIONAL STANDARD BOOK NUMBER
International Standard Book Number 9781433805615 (softcover)
020 ## - INTERNATIONAL STANDARD BOOK NUMBER
International Standard Book Number 1433805618 (softcover)
020 ## - INTERNATIONAL STANDARD BOOK NUMBER
International Standard Book Number 9781433805622 (spiral bound)
020 ## - INTERNATIONAL STANDARD BOOK NUMBER
International Standard Book Number 1433805626 (spiral bound)
040 ## - CATALOGING SOURCE
Original cataloging agency DLC
Transcribing agency DLC
Modifying agency DLC
041 ## - LANGUAGE CODE
Language code of text/sound track or separate title eng
080 ## - UNIVERSAL DECIMAL CLASSIFICATION NUMBER
Universal Decimal Classification number 808.06615 MAC
082 00 - DEWEY DECIMAL CLASSIFICATION NUMBER
Classification number 808.06615 MAC
Edition number 22
100 ## - Rafti
Rafti 48
101 ## - Shkurtesa
Shkurtesa PSI
245 00 - TITLE STATEMENT
Title Publication manual of the American Psychological Association.
504 ## - BIBLIOGRAPHY, ETC. NOTE
Bibliography, etc Includes bibliographical references (p. 255-257) and index.
906 ## - LOCAL DATA ELEMENT F, LDF (RLIN)
a 7
b cbc
c orignew
d 1
e ecip
f 20
g y-gencatlg
942 ## - ADDED ENTRY ELEMENTS (KOHA)
Source of classification or shelving scheme
Item type Books
Holdings
Withdrawn status Lost status Source of classification or shelving scheme Damaged status Not for loan Collection code Permanent location Current location Shelving location Date acquired Total Checkouts Full call number Barcode Date last seen Price effective from Koha item type
          Koleksioni i përgjithshem UBT - Lipjan UBT - Lipjan Koleksioni i përgjithshem 03/09/2018   808.06615 MAC 002-3001475 03/09/2018 03/09/2018 Books
          Koleksioni i përgjithshem UBT - Lipjan UBT - Lipjan   04/13/2023   159.9APA 002-80005030 04/13/2023 04/13/2023 Books
UBT Library © 2015-2024. All rights reserved University Education for Business and Technology